[Event "Astana Zhuldyzdary Open A"]
[Site "Astana KAZ"]
[Date "2023.07.11"]
[Round "1.25"]
[White "Bayantas, Asman"]
[Black "Faizrakhmanov, Ramil"]
[Result "0-1"]
[BlackTitle "IM"]
[WhiteElo "2046"]
[BlackElo "2457"]
[WhiteFideId "13725254"]
[BlackFideId "24103209"]
[EventDate "2023.07.11"]

1. d4 Nf6 2. c4 e6 3. g3 d5 4. Nf3 Bb4+ 5. Bd2 Be7 6. Bg2 O-O 7. O-O c6 8. Qc2
Nbd7 9. Bf4 b6 10. Nbd2 Bb7 11. e4 Nxe4 12. Nxe4 dxe4 13. Qxe4 Nf6 14. Qe2 c5
15. Rfd1 cxd4 16. Nxd4 Qc8 17. Bxb7 Qxb7 18. Rd3 Rac8 19. b3 a6 20. Rad1 b5 21.
Nxe6 fxe6 22. Qxe6+ Rf7 23. Rd7 Nxd7 24. Rxd7 Qc6 25. Rxe7 Qxe6 26. Rxe6 bxc4
27. bxc4 Rf6 28. Re4 Rfc6 29. Re7 Rxc4 30. Be5 Rg4 31. Ra7 Rg6 32. a4 Re8 33.
Bc3 h5 34. a5 Re4 35. Kg2 Ra4 36. Ra8+ Kh7 37. Ra7 Ra2 38. h4 Ra4 39. Kh3 Ra3
40. Rc7 Ra2 41. Kg2 Rc2 42. Be5 Rxc7 43. Bxc7 Rc6 44. Bb6 Rc3 45. Bd8 Kg6 46.
Bb6 Ra3 47. Bd8 Kf5 48. Bb6 Ke4 49. Bd8 Rf3 50. Bb6 Rf5 51. Bd8 Kd3 52. Kf1 Rb5
53. Bb6 Rb1+ 54. Kg2 Ke2 55. Bd8 Rb3 56. Bb6 Rf3 57. Bd4 Rf5 58. Bb6 g6 59. f4
Rf7 60. Bg1 Rc7 61. g4 Rc4 62. gxh5 gxh5 63. Kg3 Rc3+ 64. Kg2 Rf3 65. Bb6 Rxf4
66. Kg3 Rg4+ 67. Kh3 Kf3 68. Bc7 Rg1 69. Bh2 Ra1 70. Bc7 Ra3 0-1

[Event "Astana Zhuldyzdary Open A"]
[Site "Astana KAZ"]
[Date "2023.07.11"]
[Round "1.26"]
[White "Makhnev, Denis"]
[Black "Zhunusov, Murat"]
[Result "1-0"]
[WhiteTitle "GM"]
[BlackTitle "IM"]
[WhiteElo "2454"]
[BlackElo "2028"]
[WhiteFideId "13707647"]
[BlackFideId "13701002"]
[EventDate "2023.07.11"]

1. d4 d5 2. Nf3 Nf6 3. c4 dxc4 4. e3 e6 5. Bxc4 c5 6. O-O a6 7. Be2 Nc6 8. Ne5
cxd4 9. Nxc6 bxc6 10. exd4 Bd6 11. Nd2 O-O 12. Nc4 Nd5 13. Qa4 Qc7 14. Nxd6 Qxd6
15. Bd2 Bd7 16. Rac1 Rfe8 17. Bf3 Qb8 18. b4 Rd8 19. Rc5 Be8 20. Qb3 Qd6 21. a3
Ne7 22. Rd1 h6 23. g3 Nd5 24. Qd3 Qb8 25. h4 Qb6 26. Be2 Rd6 27. Ra5 Qd8 28. Qf3
Ne7 29. Bc3 Nd5 30. Bb2 Qb6 31. Bd3 Bd7 32. g4 Qd8 33. Qg3 Bc8 34. g5 h5 35. Qf3
g6 36. Qe4 Bb7 37. Qe5 Rd7 38. Bc4 Qc7 39. Rd3 Qxe5 40. dxe5 Kf8 41. Bd4 Ke8 42.
Bc5 Ne7 43. f4 Rxd3 44. Bxd3 Nd5 45. f5 exf5 46. Bd6 Kd7 47. Bc4 Ke6 48. Kf2 Kd7
49. Ke1 Ke8 50. Rc5 Nf4 51. Kd2 Ne6 52. Bxe6 fxe6 53. Kc3 Kd7 54. Kb3 Ra7 55.
Kb2 Bc8 56. Kc3 Rb7 57. Rc4 Rb5 58. Bc5 Ke8 59. Rd4 Bd7 60. Rd6 a5 61. a4 axb4+
62. Kc4 Rb8 63. a5 b3 64. Bb6 b2 65. Rd1 c5 66. Rb1 Bc6 67. Rxb2 Bd5+ 68. Kxc5
Rc8+ 69. Kb5 Bc4+ 70. Kb4 Ba6 71. Rd2 Rc4+ 72. Ka3 Rc3+ 73. Kb2 Rd3 74. Rc2 Rd5
75. Rc6 Kd7 76. Rc7+ Ke8 77. Rg7 Rxe5 78. Rxg6 f4 79. Rf6 Re2+ 80. Kc3 e5 81.
Bc7 Kd7 82. Bb8 Re3+ 83. Kb4 Be2 84. a6 Bf3 85. g6 Re1 86. a7 Ke7 87. Bxe5 Rxe5
88. g7 Bd5 89. Rxf4 1-0

[Event "Astana Zhuldyzdary Open A"]
[Site "Astana KAZ"]
[Date "2023.07.11"]
[Round "1.27"]
[White "Shonazarov, Orash"]
[Black "Abdisalimov, Abdimalik"]
[Result "1/2-1/2"]
[BlackTitle "IM"]
[WhiteElo "2018"]
[BlackElo "2451"]
[WhiteFideId "13737910"]
[BlackFideId "14206323"]
[EventDate "2023.07.11"]

1. e4 c5 2. Nf3 d6 3. d4 cxd4 4. Nxd4 Nf6 5. Nc3 a6 6. Bg5 e6 7. Qe2 h6 8. Bd2
e5 9. Nf5 Be6 10. O-O-O Nbd7 11. g4 Rc8 12. h4 b5 13. Qf3 g6 14. Ne3 Be7 15. Kb1
Nc5 16. a3 Nfd7 17. b4 Nb7 18. g5 hxg5 19. h5 gxh5 20. Rxh5 Rg8 21. Ncd5 g4 22.
Qh1 Nf6 23. Rh6 Bxd5 24. exd5 Bf8 25. Rh8 Rxh8 26. Qxh8 Ne4 27. Nxg4 Nxd2+ 28.
Rxd2 Qg5 29. Nf6+ Ke7 30. Bh3 Rc4 31. Qxf8+ Kxf6 32. f4 Rxf4 33. Qh8+ Ke7 34.
Qc8 Rxb4+ 35. axb4 Qxd2 36. Qxb7+ Kf6 37. Qd7 Qxb4+ 38. Kc1 Qf4+ 39. Kd1 e4 40.
Qd8+ Kg7 41. Qd7 a5 42. Qf5 Qxf5 43. Bxf5 Kf6 44. Bxe4 Ke5 45. Bf3 Kd4 46. Kd2
b4 47. Bg2 f5 48. Bh3 f4 49. Bd7 Kxd5 50. Kd3 Ke5 51. Ba4 d5 52. Bb5 d4 53. Ke2
Kd5 54. Be8 Kc4 55. Kd2 f3 56. Bf7+ Kc5 57. Bb3 Kb5 58. Bd5 f2 59. Ke2 Kc5 60.
Bb3 d3+ 61. cxd3 Kd4 62. Ba4 Kc3 63. Kxf2 b3 64. Bxb3 Kxb3 65. d4 Kc4 66. Ke3 a4
67. Kd2 a3 68. Kc2 Kxd4 69. Kb3 a2 1/2-1/2

[Event "Astana Zhuldyzdary Open A"]
[Site "Astana KAZ"]
[Date "2023.07.11"]
[Round "1.28"]
[White "Novik, Maxim"]
[Black "Assylov, Miras"]
[Result "1/2-1/2"]
[WhiteTitle "GM"]
[WhiteElo "2436"]
[BlackElo "2012"]
[WhiteFideId "4102924"]
[BlackFideId "13728873"]
[EventDate "2023.07.11"]

1. c4 e5 2. Nc3 Nf6 3. Nf3 Nc6 4. g3 d5 5. cxd5 Nxd5 6. Bg2 Nxc3 7. bxc3 Bc5 8.
d3 O-O 9. O-O Rb8 10. Rb1 b6 11. Nd2 Bb7 12. Nc4 Qe8 13. e3 Nd8 14. e4 Ba6 15.
Qb3 1/2-1/2

[Event "Astana Zhuldyzdary Open A"]
[Site "Astana KAZ"]
[Date "2023.07.11"]
[Round "1.31"]
[White "Dushatov, Timur"]
[Black "Zarubitski, Viachaslau"]
[Result "0-1"]
[BlackTitle "IM"]
[WhiteElo "1989"]
[BlackElo "2423"]
[WhiteFideId "13781901"]
[BlackFideId "13509373"]
[EventDate "2023.07.11"]

1. e4 d6 2. d4 Nf6 3. Nc3 e5 4. Nf3 Nbd7 5. Bc4 Be7 6. O-O O-O 7. Re1 c6 8. a4
h6 9. a5 Re8 10. h3 Qc7 11. Bb3 exd4 12. Nxd4 Bf8 13. Bf4 Nc5 14. Qf3 Nxb3 15.
Nxb3 Nd7 16. Nd4 Ne5 17. Qg3 g6 18. Nf5 h5 19. Rad1 Kh7 20. Qh4 Be6 21. Ne2 Qxa5
22. Bd2 Qc5 23. Bc3 Bxf5 24. exf5 Be7 25. fxg6+ fxg6 26. Qe4 Qc4 27. Rd4 Qf7 28.
Qe3 Bf8 29. Re4 Bh6 30. Qd4 Bg7 31. Qxd6 Rad8 32. Qb4 a5 33. Qc5 Qf5 34. Qe3 Nc4
35. Rxe8 Nxe3 36. Rxd8 Qg5 37. Ng3 Qxd8 38. Rxe3 Bxc3 39. Rxc3 a4 40. Ne4 Qd1+
41. Kh2 Qc1 42. Rf3 Qxb2 43. Ng5+ Kg8 0-1

[Event "Astana Zhuldyzdary Open A"]
[Site "Astana KAZ"]
[Date "2023.07.11"]
[Round "1.32"]
[White "Isanzhulov, Arystan"]
[Black "Kenbeilov, Timur"]
[Result "1-0"]
[WhiteTitle "FM"]
[WhiteElo "2422"]
[BlackElo "1989"]
[WhiteFideId "13711644"]
[BlackFideId "13715755"]
[EventDate "2023.07.11"]

1. e4 c5 2. d4 cxd4 3. Qxd4 Nc6 4. Qd3 Nf6 5. Nc3 g6 6. Nf3 d6 7. Nd5 Bg7 8. c3
O-O 9. Be2 Nxd5 10. exd5 Bf5 11. Qb5 Na5 12. Be3 Qc7 13. O-O Rfc8 14. Nd2 Bd7
15. Qb4 b5 16. Qh4 Nc4 17. Nxc4 bxc4 18. Rad1 Rab8 19. Rd2 Bf5 20. Bg4 Bxg4 21.
Qxg4 Rb5 22. a4 Rb7 23. Re2 Rcb8 24. Bc1 Qc5 25. Qe4 Rc7 26. Be3 Qa5 27. Ra1 h6
28. g4 Rcb7 29. Ra2 Rc7 30. h4 Qa6 31. h5 gxh5 32. f3 hxg4 33. Qxg4 Qc8 34. Qh5
e5 35. Rg2 f5 36. Bxh6 f4 37. Bxg7 Rxg7 38. Rxg7+ Kxg7 39. b4 Kf6 40. Qh6+ Ke7
41. Qg7+ Kd8 1-0

[Event "Astana Zhuldyzdary Open A"]
[Site "Astana KAZ"]
[Date "2023.07.11"]
[Round "1.33"]
[White "Tkachyov, Adil"]
[Black "Igambergenov, Alibek"]
[Result "0-1"]
[BlackTitle "IM"]
[WhiteElo "1979"]
[BlackElo "2420"]
[WhiteFideId "13713558"]
[BlackFideId "13703404"]
[EventDate "2023.07.11"]

1. d4 Nf6 2. c4 g6 3. Nc3 Bg7 4. g3 O-O 5. Bg2 d6 6. Nf3 Nbd7 7. O-O e5 8. e4
Re8 9. Qc2 c6 10. Rd1 exd4 11. Nxd4 Qc7 12. f3 Nc5 13. Be3 Bd7 14. Rac1 Rad8 15.
Qf2 Bc8 16. b4 Na6 17. a3 Qe7 18. b5 Nb8 19. Nc2 Ng4 20. fxg4 Bxc3 21. Bxa7 Bxg4
22. Rd3 Be5 23. Nb4 c5 24. Nd5 Qg5 25. Rf1 Be6 26. Bb6 Rc8 27. Kh1 Nd7 28. Ba5
Bd4 29. Qf4 Qe5 30. Bd2 Qxf4 31. gxf4 f5 32. a4 Bxd5 33. exd5 Nb6 34. Rc1 Nxa4
35. Bf3 Ra8 36. Rb3 Nb6 37. h4 Ra4 38. Bc3 Rxc4 0-1

[Event "Astana Zhuldyzdary Open A"]
[Site "Astana KAZ"]
[Date "2023.07.11"]
[Round "1.34"]
[White "Gan-Erdene, Sugar"]
[Black "Amirkul, Alimzhan"]
[Result "1-0"]
[WhiteTitle "IM"]
[WhiteElo "2418"]
[BlackElo "1975"]
[WhiteFideId "4902980"]
[BlackFideId "13718428"]
[EventDate "2023.07.11"]

1. d4 Nf6 2. c4 e6 3. g3 d5 4. Nf3 dxc4 5. Bg2 Nbd7 6. O-O c6 7. a4 b6 8. Nfd2
Ba6 9. Bxc6 Rc8 10. Bg2 Nb8 11. Nf3 Nc6 12. Nc3 Be7 13. Bf4 O-O 14. h4 h6 15.
Rc1 Nh5 16. Be3 Nf6 17. Nb5 Bxb5 18. axb5 Na5 19. Ne5 Nd5 20. Bd2 Bb4 21. Bxb4
Nxb4 22. e3 Qe7 23. Be4 Rfd8 24. Qa4 Rc7 25. Bb1 Rdc8 26. Qd1 Nd5 27. Qc2 Nf6
28. Ng4 Kf8 29. Nxf6 Qxf6 30. Qh7 Ke7 31. Rfd1 g6 32. Qxh6 Rh8 33. Qg5 Rh5 34.
Qg4 Rxb5 35. e4 Rc8 36. e5 Qh8 37. Qg5+ Kf8 38. d5 Rxd5 39. Rxd5 exd5 40. e6
fxe6 41. Re1 Qxb2 42. Bxg6 Rc6 43. Re3 Kg7 44. Rf3 Rc7 45. Be8+ Kh7 46. Qg6+ 1-0

[Event "Astana Zhuldyzdary Open A"]
[Site "Astana KAZ"]
[Date "2023.07.11"]
[Round "1.35"]
[White "Akhmedinov, Satbek"]
[Black "Zhalmakhanov, Ramazan"]
[Result "0-1"]
[WhiteTitle "CM"]
[BlackTitle "IM"]
[WhiteElo "1974"]
[BlackElo "2413"]
[WhiteFideId "13714287"]
[BlackFideId "13706357"]
[EventDate "2023.07.11"]

1. e4 c5 2. Nf3 e6 3. c3 d5 4. exd5 Qxd5 5. d4 Nf6 6. Na3 Nc6 7. h3 Qd8 8. Nc2
Qc7 9. Bd3 Be7 10. O-O O-O 11. Bg5 b6 12. Qe2 Bb7 13. Ba6 Bxa6 14. Qxa6 Rfd8 15.
Rfe1 Rd5 16. Ne3 Rd7 17. Bxf6 gxf6 18. dxc5 Bxc5 19. Qa4 Ne7 20. Ng4 Kg7 21.
Rad1 Rxd1 22. Rxd1 Nd5 23. Nd4 Rd8 24. Re1 Nf4 25. Nb5 Nxh3+ 26. gxh3 Qg3+ 27.
Kh1 Qf3+ 28. Kh2 Rd3 29. Re3 Bxe3 30. Nxe3 Qxf2+ 31. Ng2 Qg3+ 32. Kg1 f5 33. Qc2
f4 34. Kf1 Qxh3 35. Ke1 f3 36. Qxd3 f2+ 0-1

[Event "Astana Zhuldyzdary Open A"]
[Site "Astana KAZ"]
[Date "2023.07.11"]
[Round "1.36"]
[White "Stribuk, Artiom"]
[Black "Zhaksygulov, Askarbai"]
[Result "1-0"]
[WhiteTitle "FM"]
[WhiteElo "2408"]
[BlackElo "1974"]
[WhiteFideId "13515659"]
[BlackFideId "13727427"]
[EventDate "2023.07.11"]

1. d4 d5 2. c4 c6 3. Nc3 f5 4. cxd5 cxd5 5. Bf4 e6 6. e3 Nf6 7. Nf3 Bd6 8. Bb5+
Nc6 9. O-O O-O 10. Bxc6 bxc6 11. Na4 Ba6 12. Bxd6 Qxd6 13. Re1 Nd7 14. Rc1 Rab8
15. b3 Rb5 16. Qd2 c5 17. dxc5 Nxc5 18. Nd4 Ne4 19. Nxb5 Bxb5 20. Qd4 e5 21.
Qxa7 Qh6 22. Qb7 Qh4 23. Qxd5+ Kh8 24. Rc2 Ng5 25. Qxb5 f4 26. exf4 Nf3+ 27.
gxf3 Qxf4 28. Qxe5 1-0

[Event "Astana Zhuldyzdary Open A"]
[Site "Astana KAZ"]
[Date "2023.07.11"]
[Round "1.37"]
[White "Goganova, Yana"]
[Black "Aitbayev, Aslan"]
[Result "0-1"]
[WhiteTitle "WFM"]
[BlackTitle "IM"]
[WhiteElo "1958"]
[BlackElo "2403"]
[WhiteFideId "34115428"]
[BlackFideId "13704613"]
[EventDate "2023.07.11"]

1. e4 d6 2. d4 Nf6 3. Nc3 g6 4. Be3 a6 5. Qd2 b5 6. f3 Nbd7 7. h4 Nb6 8. Nh3
Bxh3 9. Rxh3 h5 10. Bd3 e6 11. d5 b4 12. Ne2 exd5 13. exd5 Bg7 14. Nf4 O-O 15.
O-O-O Re8 16. Bxb6 cxb6 17. g4 hxg4 18. fxg4 Nxg4 19. Rg1 Qf6 20. c4 bxc3 21.
bxc3 Nf2 22. Rf3 Nxd3+ 23. Qxd3 Qxh4 24. Kb2 Rac8 25. Nxg6 Qh2+ 26. Kb3 Qxg1 27.
Rg3 Rxc3+ 28. Qxc3 Qb1+ 0-1

[Event "Astana Zhuldyzdary Open A"]
[Site "Astana KAZ"]
[Date "2023.07.11"]
[Round "1.38"]
[White "Ansat, Aldiyar"]
[Black "Kolosovskiy, Anton"]
[Result "1-0"]
[WhiteTitle "IM"]
[WhiteElo "2400"]
[BlackElo "1933"]
[WhiteFideId "13715658"]
[BlackFideId "13705571"]
[EventDate "2023.07.11"]

1. Nf3 d5 2. b3 Bg4 3. Bb2 Nd7 4. d4 Ngf6 5. e3 e6 6. Be2 Bd6 7. O-O O-O 8. c4
c6 9. Nc3 Qe7 10. h3 Bh5 11. Qc2 dxc4 12. bxc4 e5 13. Nh4 exd4 14. exd4 Bxe2 15.
Nf5 Qe6 16. Nxe2 Bc7 17. d5 cxd5 18. cxd5 Qa6 19. Qxc7 Qxe2 20. Ba3 Rfe8 21. Qg3
g6 22. d6 Ne4 23. Nh6+ Kg7 24. Qf4 f5 25. Rab1 Qd2 26. Nxf5+ Kf6 27. Bb2+ 1-0

[Event "Astana Zhuldyzdary Open A"]
[Site "Astana KAZ"]
[Date "2023.07.11"]
[Round "1.39"]
[White "Amangeldy, Ernur"]
[Black "Tsaruk, Maksim"]
[Result "0-1"]
[BlackTitle "FM"]
[WhiteElo "1932"]
[BlackElo "2393"]
[WhiteFideId "13720244"]
[BlackFideId "13511173"]
[EventDate "2023.07.11"]

1. d4 Nf6 2. Nf3 d5 3. c4 e6 4. g3 dxc4 5. Bg2 c5 6. O-O Nc6 7. dxc5 Qxd1 8.
Rxd1 Bxc5 9. Nbd2 c3 10. bxc3 O-O 11. Nb3 Be7 12. Nfd4 Nxd4 13. cxd4 Nd5 14. Bb2
f5 15. Rac1 b6 16. e3 Bd7 17. e4 fxe4 18. Bxe4 a5 19. Nd2 Ba4 20. Rf1 Rac8 21.
Nc4 Bb5 22. Bxd5 exd5 23. Nxb6 Rb8 24. Nxd5 Bg5 25. Rfe1 Bxc1 26. Bxc1 Rfe8 27.
Ne3 Re4 28. d5 Bd7 29. Bd2 Ra4 30. Ra1 Bh3 31. Bc1 Rab4 32. f3 Rb1 33. Rxb1 Rxb1
34. g4 Rxc1+ 35. Kf2 h5 0-1

[Event "Astana Zhuldyzdary Open A"]
[Site "Astana KAZ"]
[Date "2023.07.11"]
[Round "1.40"]
[White "Begmuratov, Khumoyun"]
[Black "Smirnov, Mark"]
[Result "1/2-1/2"]
[WhiteTitle "FM"]
[BlackTitle "CM"]
[WhiteElo "2391"]
[BlackElo "1931"]
[WhiteFideId "14210207"]
[BlackFideId "13764594"]
[EventDate "2023.07.11"]

1. e4 c5 2. Nc3 Nc6 3. Bb5 Nd4 4. Nf3 g6 5. Nxd4 cxd4 6. Ne2 Bg7 7. c3 dxc3 8.
dxc3 a6 9. Bd3 d6 10. O-O Nf6 11. h3 O-O 12. Bg5 b5 13. Ng3 Bb7 14. Qe2 Qb6 15.
Be3 Qc6 16. f3 Rac8 17. Rac1 Qc7 18. Bd2 Nd7 19. f4 Nc5 20. Bb1 Rcd8 21. Rfe1 d5
22. e5 Ne4 23. Nxe4 dxe4 24. Be3 f6 25. exf6 exf6 26. c4 bxc4 27. Rxc4 Qf7 28.
Bxe4 Bxe4 29. Rxe4 Qxa2 30. Bc5 Rf7 31. Qc2 Bf8 32. Bf2 Rb7 33. R4e2 Rbb8 34.
Kh2 Bd6 35. g3 Qb3 36. Qc6 Qb5 37. Qf3 Bc5 38. h4 Bxf2 39. Rxf2 Re8 40. Rc1 Rbc8
41. Rcf1 Rcd8 42. Qc3 Re2 43. b4 Rxf2+ 44. Rxf2 f5 45. Qf6 Re8 46. Qd4 Re2 47.
Rxe2 Qxe2+ 48. Kg1 Qe1+ 49. Kg2 Qe2+ 50. Kg1 Qe1+ 1/2-1/2

[Event "Astana Zhuldyzdary Open A"]
[Site "Astana KAZ"]
[Date "2023.07.11"]
[Round "1.41"]
[White "Mukhametkali, Merey"]
[Black "Kazakov, Konstantin"]
[Result "0-1"]
[BlackTitle "IM"]
[WhiteElo "1923"]
[BlackElo "2389"]
[WhiteFideId "13727389"]
[BlackFideId "13700898"]
[EventDate "2023.07.11"]

1. e4 c5 2. Nf3 e6 3. c4 Nc6 4. Nc3 Nf6 5. Be2 a6 6. O-O Qc7 7. d4 cxd4 8. Nxd4
Nxd4 9. Qxd4 Bd6 10. h3 Bc5 11. Qd3 O-O 12. a3 b6 13. b4 Be7 14. Be3 d6 15. Rac1
Bb7 16. Rfd1 Rac8 17. f3 Rb8 18. Bf1 Rfd8 19. Qd2 Ba8 20. Qf2 Nd7 21. Na4 Qc6
22. b5 Qb7 23. bxa6 Qa7 24. e5 Nxe5 25. Nxb6 Qxa6 26. c5 Qb7 27. cxd6 Bxd6 28.
a4 Bb4 29. Rxd8+ Rxd8 30. Qb2 Nxf3+ 31. Kh1 Qb8 32. gxf3 Bxf3+ 33. Bg2 Qg3 34.
Bg1 Ba3 35. Qd2 Rxd2 0-1

[Event "Astana Zhuldyzdary Open A"]
[Site "Astana KAZ"]
[Date "2023.07.11"]
[Round "1.42"]
[White "Kuderinov, Kirill"]
[Black "Nurgaliyeva, Zarina"]
[Result "1-0"]
[WhiteTitle "IM"]
[BlackTitle "WFM"]
[WhiteElo "2386"]
[BlackElo "1921"]
[WhiteFideId "13701568"]
[BlackFideId "13730096"]
[EventDate "2023.07.11"]

1. b3 d5 2. Bb2 Nf6 3. Nf3 Bf5 4. g3 h6 5. Bg2 Nbd7 6. O-O e6 7. d3 Bd6 8. Nbd2
O-O 9. Re1 e5 10. e4 dxe4 11. dxe4 Be6 12. Qe2 Qe7 13. Nc4 Bxc4 14. Qxc4 Ba3 15.
Bc3 Rfe8 16. b4 c5 17. b5 Nb6 18. Qe2 Bb4 19. Bd2 c4 20. c3 Ba3 21. Nh4 Rad8 22.
Nf5 Qd7 23. Be3 Qxb5 24. Bxh6 gxh6 25. Nxh6+ Kh7 26. Qf3 Kxh6 27. Qxf6+ Kh7 28.
Qxf7+ Kh8 29. Rad1 Rxd1 30. Rxd1 Qc6 31. Bh3 Rf8 32. Qh5+ Kg7 33. Bf5 Qh6 34.
Qg4+ Kh8 35. Kg2 Bd6 36. h4 Be7 37. a4 Rg8 38. Qe2 a5 39. Rb1 Rg7 40. Rxb6 Qxb6
41. Qh5+ 1-0

[Event "Astana Zhuldyzdary Open A"]
[Site "Astana KAZ"]
[Date "2023.07.11"]
[Round "1.43"]
[White "Nauryzgaliev, Amangeldy"]
[Black "Ibadov, Dashgyn"]
[Result "0-1"]
[BlackTitle "IM"]
[WhiteElo "1894"]
[BlackElo "2372"]
[WhiteFideId "13707434"]
[BlackFideId "24107514"]
[EventDate "2023.07.11"]

1. d4 Nf6 2. c4 c5 3. Nf3 e6 4. e3 cxd4 5. Nxd4 d5 6. Nc3 Nc6 7. a3 Bd6 8. cxd5
exd5 9. Be2 O-O 10. O-O Re8 11. Re1 Ne5 12. h3 a6 13. b3 Bb8 14. Bb2 Qd6 15. Nf3
Be6 16. Nb1 Nxf3+ 17. Bxf3 Qh2+ 18. Kf1 Be5 19. Bxe5 Qxe5 20. Qd4 Qxd4 21. exd4
Rac8 22. Ra2 Bf5 23. Nd2 Bd3+ 24. Be2 Rxe2 0-1

[Event "Astana Zhuldyzdary Open A"]
[Site "Astana KAZ"]
[Date "2023.07.11"]
[Round "1.44"]
[White "Suyarov, Mukhammadzokhid"]
[Black "Boran, Shyngys"]
[Result "1-0"]
[WhiteTitle "FM"]
[WhiteElo "2366"]
[BlackElo "1891"]
[WhiteFideId "14210495"]
[BlackFideId "13715429"]
[EventDate "2023.07.11"]

1. d4 d5 2. Nc3 Nf6 3. Bf4 a6 4. e3 c5 5. dxc5 Nc6 6. a3 e6 7. b4 a5 8. Bb5 Bd7
9. Bxc6 Bxc6 10. Nge2 g5 11. Bxg5 Rg8 12. Bh4 Rg4 13. Bg3 axb4 14. axb4 Rxb4 15.
Bd6 Bxd6 16. cxd6 Rc8 17. Nd4 Qxd6 18. Qf3 Qe5 19. O-O Bd7 20. Nce2 Ne4 21. Rfd1
h5 22. Nf4 Qf6 23. Nd3 Rbc4 24. Qxh5 Nc3 25. Re1 Nb5 26. Qe5 Ke7 27. Rab1 Nxd4
28. exd4 Bc6 29. Qxf6+ Kxf6 30. c3 Rxc3 31. Ne5 Ra8 32. h4 Rc2 33. h5 Kg7 34.
Re3 Raa2 35. Rg3+ Kh6 36. Nxf7+ Kxh5 37. Rg5+ Kh4 1-0

[Event "Astana Zhuldyzdary Open A"]
[Site "Astana KAZ"]
[Date "2023.07.11"]
[Round "1.45"]
[White "Sarzhanov, Chingizkhan"]
[Black "Danielyan, Vahe"]
[Result "1-0"]
[BlackTitle "IM"]
[WhiteElo "1889"]
[BlackElo "2346"]
[WhiteFideId "13724991"]
[BlackFideId "13304828"]
[EventDate "2023.07.11"]

1. d4 Nf6 2. Nf3 d5 3. c4 e6 4. Nc3 Nbd7 5. Bg5 Be7 6. e3 O-O 7. Bd3 c5 8. cxd5
exd5 9. dxc5 Nxc5 10. O-O Bg4 11. Be2 Be6 12. Rc1 Rc8 13. Nd4 Qb6 14. Bf3 Rfd8
15. Rc2 h6 16. Bh4 a6 17. h3 g5 18. Bg3 Nfe4 19. Be5 Nxc3 20. Rxc3 Ne4 21. Rb3
Qa5 22. Nxe6 fxe6 23. Rxb7 Bf6 24. Bxe4 Bxe5 25. Qh5 Rc7 26. Qg6+ Bg7 27. b4
Rxb7 28. bxa5 dxe4 29. Qxe6+ 1-0

[Event "Astana Zhuldyzdary Open A"]
[Site "Astana KAZ"]
[Date "2023.07.11"]
[Round "1.46"]
[White "Tyurin, Artem"]
[Black "Karibayev, Dimash"]
[Result "1-0"]
[WhiteTitle "FM"]
[WhiteElo "2342"]
[BlackElo "1876"]
[WhiteFideId "44130112"]
[BlackFideId "13720333"]
[EventDate "2023.07.11"]

1. c4 c5 2. Nf3 Nf6 3. Nc3 Nc6 4. d4 cxd4 5. Nxd4 e6 6. Bf4 a6 7. Nxc6 bxc6 8.
Bd6 Bxd6 9. Qxd6 Qe7 10. O-O-O Qxd6 11. Rxd6 Ke7 12. c5 Ne8 13. Rd2 d5 14. cxd6+
Nxd6 15. g3 Bb7 16. Bg2 c5 17. Rhd1 Bxg2 18. Rxd6 Ra7 19. f3 Rc8 20. R6d3 Bh3
21. g4 h5 22. Rg1 Rd7 23. Rxd7+ Kxd7 24. gxh5 Rh8 25. Rxg7 Rxh5 26. Rxf7+ Kc6
27. Rf4 Rg5 28. Rh4 Rg1+ 29. Kd2 Bf5 30. e4 Rg2+ 31. Ke3 Bg6 32. Rg4 1-0

[Event "Astana Zhuldyzdary Open A"]
[Site "Astana KAZ"]
[Date "2023.07.11"]
[Round "1.47"]
[White "Kanaev, Ardak"]
[Black "Kozganbay, Erkin"]
[Result "0-1"]
[WhiteElo "1865"]
[BlackElo "2337"]
[WhiteFideId "13701533"]
[BlackFideId "13703773"]
[EventDate "2023.07.11"]

1. d4 e6 2. c4 Bb4+ 3. Nc3 b6 4. Nf3 Bb7 5. e3 Nf6 6. Bd3 O-O 7. O-O d5 8. Bd2
dxc4 9. Bxc4 Nbd7 10. Re1 c5 11. a3 Bxc3 12. Bxc3 Ne4 13. Rc1 Qe7 14. Bd3 Rfd8
15. Bxe4 Bxe4 16. Nd2 Bb7 17. Qg4 cxd4 18. Bxd4 e5 19. Bc3 Nc5 20. Bb4 Qf6 21.
Bxc5 Rxd2 22. Bb4 Qxf2+ 23. Kh1 Bxg2+ 0-1

[Event "Astana Zhuldyzdary Open A"]
[Site "Astana KAZ"]
[Date "2023.07.11"]
[Round "1.48"]
[White "Kamalidenova, Meruert"]
[Black "Zvereva, Margarita"]
[Result "1-0"]
[WhiteTitle "WIM"]
[BlackTitle "WFM"]
[WhiteElo "2336"]
[BlackElo "1857"]
[WhiteFideId "13712802"]
[BlackFideId "34177741"]
[EventDate "2023.07.11"]

1. e4 c5 2. Nf3 d6 3. d4 cxd4 4. Nxd4 Nf6 5. Nc3 a6 6. Be3 e5 7. Nb3 Be6 8. f3
Be7 9. Qd2 O-O 10. O-O-O Nbd7 11. g4 b5 12. g5 Nh5 13. Kb1 Qc7 14. Nd5 Bxd5 15.
exd5 f6 16. gxf6 Bxf6 17. Na5 Nb6 18. Nc6 Nf4 19. Bxb6 Qxb6 20. h4 Rac8 21. Bh3
Rc7 22. Bf5 Rb7 23. c3 a5 24. Qc2 h6 25. Bh7+ Kh8 26. Be4 Bd8 27. a3 Qc5 28. h5
Bb6 29. Rh2 b4 30. cxb4 axb4 31. Nxb4 Qb5 32. Qc6 Bc5 33. Qxb5 Rxb5 34. Nc2 Rb3
35. Ka2 Rfb8 36. Nb4 Re3 37. Na6 Rb5 38. Rc2 Kg8 39. Nxc5 dxc5 40. d6 Rb8 41. d7
Rd8 42. Rxc5 Kf7 43. Rxe5 1-0

[Event "Astana Zhuldyzdary Open A"]
[Site "Astana KAZ"]
[Date "2023.07.11"]
[Round "1.50"]
[White "Sapenov, Daniyal"]
[Black "Dumanuly, Sultanbeibarys"]
[Result "1-0"]
[WhiteTitle "FM"]
[WhiteElo "2329"]
[BlackElo "1833"]
[WhiteFideId "13728911"]
[BlackFideId "13731963"]
[EventDate "2023.07.11"]

1. d4 d5 2. c4 c6 3. Nf3 Nf6 4. e3 Bf5 5. Nh4 Bxb1 6. Rxb1 e6 7. a3 Nbd7 8. Nf3
Bd6 9. Bd3 O-O 10. Qc2 e5 11. dxe5 Nxe5 12. Nxe5 Bxe5 13. O-O Bc7 14. Rd1 Qd6
15. g3 Qe5 16. Bd2 Ne4 17. cxd5 cxd5 18. f4 Qd6 19. Bxe4 dxe4 20. Ba5 Qxd1+ 21.
Rxd1 Bxa5 22. Rd7 Bb6 23. Qxe4 Rfe8 24. Qd5 Bxe3+ 25. Kg2 Rf8 26. Rxb7 Rae8 27.
a4 Bb6 28. Qb5 Rd8 29. a5 Rd2+ 30. Kf3 Bg1 31. Rb8 Rf2+ 32. Ke4 Rxh2 33. Rxf8+
Kxf8 34. Qb4+ Ke8 35. Kd5 Rh5+ 36. Kc6 Rc5+ 37. Kd6 1-0